000 00611nam a2200181Ia 4500
008 090124s9999 xx 000 0 und d
082 _b20440
_a2350
100 _aकऱ्हाडे सदा.
245 _a सुखनाट्याचे साहित्यरुप
250 _a1
260 _c1974
300 _a138
600 _aकऱ्हाडे सदा.
630 _a सुखनाट्याचे साहित्यरुप
700 _aकऱ्हाडे सदा.
730 _a सुखनाट्याचे साहित्यरुप
942 _cBOOK
999 _c134246
_d134246